[Event "Napoli Antica Scuola 2nd"]
[Site "Napoli"]
[Date "2014.04.10"]
[Round "6"]
[White "Auletta, Pasquale"]
[Black "Capozzoli, Silvio"]
[Result "0-1"]
[WhiteElo "1557"]
[BlackElo "1743"]
[PlyCount "94"]
[EventDate "2014.03.06"]
[EventType "swiss"]
[EventRounds "7"]
[EventCountry "ITA"]
[SourceTitle "EXT 2015"]
[Source "ChessBase"]
[SourceDate "2014.11.20"]
[SourceVersion "1"]
[SourceVersionDate "2014.11.20"]
[SourceQuality "1"]

1. e4 g6 2. d4 Bg7 3. Nc3 e6 4. f4 Ne7 5. Bc4 a6 6. a3 d6 7. Be3 Nd7 8. Nf3 Nf6 9. h3 b5 10. Ba2 Bb7 11. Qd3 d5 12. exd5 Bxd5 13. Bxd5 Nfxd5 14. 0-0-0 Nf5 15. Bf2 Nxf4 16. Qe4 Nxg2 17. Rhg1 Bh6+ 18. Kb1 Nf4 19. Bg3 Nxg3 20. Rxg3 0-0 21. d5 Nxd5 22. Nxd5 exd5 23. Rxd5 Qf6 24. Rf5 Qb6 25. h4 Bg7 26. Rfg5 Qf6 27. c3 Rfe8 28. Qc2 c5 29. h5 Rac8 30. hxg6 fxg6 31. Nh4 Re1+ 32. Ka2 Qe6+ 33. Qb3 Ra1+ 34. Kxa1 Qxb3 35. Nxg6 hxg6 36. Rxg6 Qd1+ 37. Ka2 Qd5+ 38. Ka1 Rc7 39. Rxa6 Qf7 40. Rag6 Qf1+ 41. Ka2 Qf4 42. R6g4 Qd2 43. Rg2 Qd5+ 44. Ka1 Re7 45. c4 bxc4 46. Rg5 Qd1+ 47. Ka2 Qb3+ 0-1

[Event "Napoli Porreca Memorial 3rd"]
[Site "Napoli"]
[Date "2013.11.07"]
[Round "7"]
[White "Capozzoli, Silvio"]
[Black "Buonanno, Raffaele"]
[Result "1/2-1/2"]
[WhiteElo "1744"]
[BlackElo "1455"]
[PlyCount "102"]
[EventDate "2013.09.26"]
[EventType "swiss"]
[EventRounds "7"]
[EventCountry "ITA"]
[SourceTitle "EXT 2015"]
[Source "ChessBase"]
[SourceDate "2014.11.20"]
[SourceVersion "1"]
[SourceVersionDate "2014.11.20"]
[SourceQuality "1"]

1. e4 d6 2. d4 g6 3. Bc4 Bg7 4. Be3 a6 5. Qf3 e6 6. Ne2 b5 7. Bb3 Bb7 8. Nd2 Nf6 9. Ng3 Nbd7 10. c3 c5 11. 0-0 0-0 12. Qe2 Rc8 13. a4 Qb6 14. Rfc1 Rc6 15. f3 c4 16. Bc2 Rc7 17. e5 Nd5 18. exd6 Qxd6 19. Nde4 Qe7 20. axb5 axb5 21. Bd2 Rb8 22. Ra7 Bc6 23. Rca1 Rxa7 24. Rxa7 Ra8 25. Rxa8+ Bxa8 26. Qd1 Qd8 27. Qa1 Bc6 28. Qa6 Qc7 29. Bg5 Nb8 30. Qa3 h6 31. Bd2 Bf8 32. Qa1 Nd7 33. Qc1 Kh7 34. Nf2 N7f6 35. Nge4 Nxe4 36. fxe4 Nf6 37. Bf4 Qb7 38. Qe3 b4 39. cxb4 Qxb4 40. Qc3 Qxc3 41. bxc3 g5 42. Bd2 Kg7 43. Kf1 Nd7 44. Nd1 f6 45. g3 Bd6 46. Ne3 Nb6 47. Kf2 h5 48. h3 Kh6 49. h4 Kg7 50. d5 exd5 51. exd5 Bd7 1/2-1/2

[Event "Napoli Vomero Christmas 6th"]
[Site "Napoli"]
[Date "2010.12.03"]
[Round "5"]
[White "Zinnai, Graziano Matteo"]
[Black "Capozzoli, Silvio"]
[Result "1-0"]
[WhiteElo "1794"]
[BlackElo "1918"]
[PlyCount "103"]
[EventDate "2010.11.05"]
[EventType "swiss"]
[EventRounds "6"]
[EventCountry "ITA"]
[SourceTitle "EXT 2024"]
[Source "ChessBase"]
[SourceDate "2023.10.10"]
[SourceVersion "1"]
[SourceVersionDate "2023.10.10"]
[SourceQuality "1"]

1. e4 c5 2. Nf3 Nc6 3. d3 Nf6 4. c3 d5 5. Nbd2 e5 6. Be2 Be7 7. 0-0 0-0 8. Qc2 d4 9. h3 Nh5 10. Nc4 Qc7 11. Nxd4 Ng3 12. Nxc6 Nxe2+ 13. Qxe2 bxc6 14. f4 f6 15. fxe5 fxe5 16. Be3 Be6 17. Nd2 Rad8 18. Nf3 Kh8 19. Bf2 Bd6 20. Ng5 Bg8 21. Be3 Be7 22. b3 Qd6 23. Rad1 Rxf1+ 24. Qxf1 Rf8 25. Qe2 Qg6 26. Nf3 Qh5 27. Nd4 Qg6 28. Nf5 Qe8 29. Rf1 Be6 30. Nxe7 Qxe7 31. Rxf8+ Qxf8 32. Qf2 Qb8 33. Bxc5 Qb5 34. c4 Qa6 35. Bxa7 Qa3 36. Bc5 Qc1+ 37. Kh2 Qg5 38. Bd6 Qf6 39. Qg3 Qf4 40. Qxf4 exf4 41. Bxf4 Kg8 42. a4 Kf7 43. a5 Bc8 44. b4 Ke6 45. b5 cxb5 46. cxb5 Kd7 47. d4 Bb7 48. d5 g6 49. a6 Bc8 50. Kg3 g5 51. Bxg5 Kd6 52. Be3 1-0

[Event "Napoli Vomero Winter 5th"]
[Site "Napoli"]
[Date "2010.01.21"]
[Round "2"]
[White "Sabia, Corrado"]
[Black "Capozzoli, Silvio"]
[Result "1-0"]
[WhiteElo "2176"]
[BlackElo "1948"]
[PlyCount "65"]
[EventDate "2010.01.14"]
[EventType "swiss"]
[EventRounds "7"]
[EventCountry "ITA"]
[SourceTitle "EXT 2024"]
[Source "ChessBase"]
[SourceDate "2023.10.10"]
[SourceVersion "1"]
[SourceVersionDate "2023.10.10"]
[SourceQuality "1"]

1. g3 g6 2. Bg2 Bg7 3. Nf3 d5 4. c4 Nf6 5. d4 c6 6. 0-0 0-0 7. cxd5 cxd5 8. Ne5 Bf5 9. Qb3 Nc6 10. Nxc6 bxc6 11. Nc3 Nd7 12. Rd1 Rb8 13. Qa4 Qb6 14. b3 e5 15. dxe5 Bxe5 16. Be3 Qb4 17. Qxb4 Rxb4 18. Bd2 Rc8 19. Rac1 Rbb8 20. Be3 Bd6 21. Bxa7 Ra8 22. e4 Bg4 23. f3 Be6 24. Bf2 Ba3 25. Rc2 Nf6 26. Na4 Nd7 27. f4 Bg4 28. Rd4 dxe4 29. Bxe4 Ra6 30. Rdc4 c5 31. Bb7 Rd6 32. Bxc8 Bh3 33. Nc3 1-0

[Event "Napoli Vomero Settembre op 6th"]
[Site "Napoli"]
[Date "2009.10.08"]
[Round "4"]
[White "Messina, Enrico"]
[Black "Capozzoli, Silvio"]
[Result "1-0"]
[WhiteElo "2119"]
[BlackElo "1951"]
[PlyCount "80"]
[EventDate "2009.09.10"]
[EventType "swiss"]
[EventRounds "6"]
[EventCountry "ITA"]
[SourceTitle "EXT 2011"]
[Source "ChessBase"]
[SourceDate "2010.11.26"]
[SourceVersion "1"]
[SourceVersionDate "2010.11.26"]
[SourceQuality "1"]

1. e4 c5 2. Nf3 Nc6 3. d4 cxd4 4. Nxd4 Nf6 5. Nc3 g6 6. Nxc6 bxc6 7. e5 Nd5 8. Nxd5 cxd5 9. Qxd5 Rb8 10. e6 Bg7 11. exf7+ Kf8 12. Bh6 Qc7 13. Bxg7+ Kxg7 14. 0-0-0 Rf8 15. Qd4+ e5 16. Qd6 Qxd6 17. Rxd6 Kxf7 18. f3 Ke7 19. Rd2 d6 20. Bc4 Rf4 21. b3 Be6 22. Bxe6 Kxe6 23. Rhd1 Rd8 24. c4 Rf7 25. Rd5 Rc7 26. Kb2 Rc6 27. c5 h5 28. b4 a6 29. Kc3 Rd7 30. Rxd6+ Rdxd6 31. Rxd6+ Rxd6 32. cxd6 Kxd6 33. Kc4 g5 34. a4 g4 35. fxg4 hxg4 36. b5 axb5+ 37. axb5 g3 38. hxg3 e4 39. Kd4 e3 40. Kxe3 Kc5 1-0

[Event "Napoli Vomero Inverno op 4th"]
[Site "Napoli"]
[Date "2009.02.12"]
[Round "6"]
[White "Ficco, Corrado"]
[Black "Capozzoli, Silvio"]
[Result "1-0"]
[WhiteElo "2154"]
[BlackElo "1944"]
[PlyCount "53"]
[EventDate "2009.01.08"]
[EventType "swiss"]
[EventRounds "7"]
[EventCountry "ITA"]
[SourceTitle "EXT 2011"]
[Source "ChessBase"]
[SourceDate "2010.11.26"]
[SourceVersion "1"]
[SourceVersionDate "2010.11.26"]
[SourceQuality "1"]

1. e4 d5 2. exd5 Qxd5 3. Nc3 Qd6 4. d4 Nf6 5. Nf3 a6 6. g3 Bg4 7. Bg2 c6 8. h3 Bxf3 9. Bxf3 e6 10. Bf4 Qd8 11. 0-0 Nbd7 12. Re1 Be7 13. d5 cxd5 14. Bxd5 Nxd5 15. Nxd5 Rc8 16. Nxe7 Qxe7 17. Bd6 Qg5 18. Qf3 Rc6 19. Rad1 Qf6 20. Qb3 Rb6 21. Qa4 Rc6 22. Qb3 Rb6 23. Qd3 Qd8 24. Qc3 Rc6 25. Qb3 Rxd6 26. Rxd6 Nc5 27. Rxd8+ 1-0

[Event "Napoli Vomero Inverno op 4th"]
[Site "Napoli"]
[Date "2009.01.22"]
[Round "3"]
[White "Capozzoli, Silvio"]
[Black "Rosato, Luciano"]
[Result "0-1"]
[WhiteElo "1944"]
[BlackElo "2267"]
[PlyCount "120"]
[EventDate "2009.01.08"]
[EventType "swiss"]
[EventRounds "7"]
[EventCountry "ITA"]
[SourceTitle "EXT 2011"]
[Source "ChessBase"]
[SourceDate "2010.11.26"]
[SourceVersion "1"]
[SourceVersionDate "2010.11.26"]
[SourceQuality "1"]

1. e4 c5 2. c4 Nc6 3. Nc3 g6 4. g3 Bg7 5. Nge2 d6 6. Bg2 e6 7. d3 Nge7 8. a3 0-0 9. 0-0 Rb8 10. Rb1 b6 11. Bg5 h6 12. Be3 Nd4 13. Bxd4 cxd4 14. Nb5 Nc6 15. e5 a6 16. Nbxd4 Nxd4 17. Nxd4 Bb7 18. Nc6 Bxc6 19. Bxc6 dxe5 20. Qe2 Qd4 21. Rfd1 Rfd8 22. Bg2 Rd7 23. b4 Rbd8 24. Rb3 Rc7 25. Rc1 h5 26. Bf3 Bh6 27. Rd1 f5 28. Re1 Bg7 29. Qe3 Kf7 30. Qxd4 Rxd4 31. Kf1 h4 32. h3 Kf6 33. g4 Bh6 34. Rd1 Kg5 35. a4 Kf4 36. Kg2 Rcd7 37. Rbb1 Rxd3 38. Be2 R3d4 39. c5 bxc5 40. bxc5 Rc7 41. Rxd4+ exd4 42. Bxa6 Rxc5 43. Bb5 fxg4 44. a5 gxh3+ 45. Kxh3 Rc3+ 46. Kh2 Ra3 47. a6 Bf8 48. Rc1 Bd6 49. Rc6 Ke5 50. Bc4 d3 51. f4+ Kd4 52. Rxd6+ Kxc4 53. Kh3 d2+ 54. Kxh4 Kc3 55. Rc6+ Kd3 56. Rd6+ Ke3 57. Rxe6+ Kxf4 58. Rd6 Ra1 59. Rd4+ Ke3 60. a7 Kxd4 0-1

[Event "Napoli Vomero Settembre op 5th"]
[Site "Napoli"]
[Date "2008.10.16"]
[Round "3"]
[White "Accardo, Francesco"]
[Black "Capozzoli, Silvio"]
[Result "1/2-1/2"]
[WhiteElo "1865"]
[BlackElo "1949"]
[PlyCount "73"]
[EventDate "2008.10.02"]
[EventType "swiss"]
[EventRounds "5"]
[EventCountry "ITA"]
[SourceTitle "EXT 2011"]
[Source "ChessBase"]
[SourceDate "2010.11.26"]
[SourceVersion "1"]
[SourceVersionDate "2010.11.26"]
[SourceQuality "1"]

1. g4 d5 2. Bg2 Bxg4 3. c4 c6 4. cxd5 cxd5 5. Qb3 e6 6. Qa4+ Nc6 7. Qxg4 Nf6 8. Qa4 Bd6 9. Nf3 0-0 10. Nc3 a6 11. 0-0 b5 12. Qh4 Ne7 13. d3 Ng6 14. Qh3 b4 15. Na4 Qa5 16. b3 Rac8 17. Be3 e5 18. Bb6 Qb5 19. Rac1 Nf4 20. Qxc8 Nxe2+ 21. Kh1 Rxc8 22. Rxc8+ Bf8 23. Nxe5 Nd7 24. Nxd7 Qxd7 25. Rd8 Qe7 26. Nc5 Nf4 27. Nd7 Ng6 28. Bxd5 Qd6 29. Be4 f5 30. Bg2 Qe7 31. Bd5+ Kh8 32. Nxf8 Nxf8 33. d4 h6 34. Ra8 Kh7 35. Bc5 Qe2 36. Bc4 Qf3+ 37. Kg1 1/2-1/2

[Event "Napoli Inverno al Vomero op 3rd"]
[Site "Napoli"]
[Date "2008.02.21"]
[Round "7"]
[White "Cosenza, Gianni"]
[Black "Capozzoli, Silvio"]
[Result "1/2-1/2"]
[WhiteElo "2018"]
[BlackElo "1984"]
[PlyCount "92"]
[EventDate "2008.01.10"]
[EventType "swiss"]
[EventRounds "7"]
[EventCountry "ITA"]
[SourceTitle "EXT 2018"]
[Source "ChessBase"]
[SourceDate "2017.10.13"]
[SourceVersion "1"]
[SourceVersionDate "2017.10.13"]
[SourceQuality "1"]

1. e4 e5 2. Nf3 d6 3. Bc4 Be7 4. d3 Nc6 5. h3 Na5 6. Bb3 Nxb3 7. axb3 Nf6 8. c4 Bd7 9. Nc3 a6 10. Be3 c5 11. 0-0 0-0 12. Qd2 Qc8 13. Kh2 b5 14. Bg5 b4 15. Ne2 Kh8 16. Ng3 Ng8 17. Bxe7 Nxe7 18. Qg5 f6 19. Qe3 Qe8 20. Nh4 g6 21. Ra2 f5 22. exf5 Nxf5 23. Nhxf5 gxf5 24. f4 Qf7 25. Qf3 Qg6 26. Re1 Rg8 27. Re3 Bc6 28. Qxc6 exf4 29. Rf3 fxg3+ 30. Kg1 Rge8 31. Ra1 Ra7 32. Rxg3 Qxg3 33. Qxe8+ Kg7 34. Re1 Qg6 35. Qb8 Rd7 36. Re8 Kh6 37. Rg8 Rg7 38. Rxg7 Kxg7 39. Qb7+ Kh6 40. Qxa6 Qf6 41. Qc6 Qd4+ 42. Kh2 Qxd3 43. Qd7 f4 44. Qe6+ Qg6 45. Qe7 Kh5 46. Qe2+ Kh6 1/2-1/2